Mort Subite - Chansons de Sienna Spiro - Statistiques

Statistiques générales
  • Ce quiz a été pris 10 fois
  • Le résultat moyen est 6 sur 12
Answers on the Grid
Answers color-coded by a green-red scale on the quiz's grid according to % correct below.
Casual
Next to You
Busy Woman
Butterfly Effect
Cyanide
Get him back !
Strange
Die On This Hill
Dream Police
Need Me
Before you go
Back to Blonde
I Don't Hate You
I'm Still Good
Maybe.
Origami
Unwritten
Selfish
The Subway
Wannabe
The Visitor
It's All Right Here
Taxi Driver
You Stole The Show
Pretty Years
Biting Down
Lonely
Possibility
 
Statistiques - réponses
Réponse % Correct
Die On This Hill
88%
Butterfly Effect
63%
Taxi Driver
63%
The Visitor
63%
Back to Blonde
50%
I Don't Hate You
50%
Maybe.
50%
Need Me
50%
You Stole The Show
50%
Dream Police
38%
Origami
38%
Cyanide
25%
Aucun quiz correspondant
Distribution des résultats
% des personnes avec chaque résultat
Percentile par nombre de réponses
Votre historique - résultats
Vous n’avez pas pris ce quiz